Ako písať vysokoškolské a kvalifikačné práce ako písať seminárne práce, ročníkové práce, práce študentskej vedeckej a odbornej činnosti ...

Podrobná bibliografia
Hlavný autor: Katuščák, Dušan, 1946- (Autor)
Médium: Kniha
Jazyk:slovenčina
Fyzický popis:117 s. sch., tab. 25 cm
Vydavateľské údaje: Bratislava STIMUL 1998
ISBN:8085697696
Predmet:

MARC

LEADER 00000nam a2200000 a 4500
001 vtls001327873
003 SK-MaSNL
005 20260301114256.0
008 240313s1998 xo ap r yy 0 slo
015 |a SNBA1998/09-03116 
020 |a 8085697696 
035 |a SNK000280685 
035 |a urn:nbn:sk:snk-amkhky 
035 |a urn:nbn:sk:snk-am008goc 
035 |a D27105D4-92D3-4083-9C0F-13D812DAA12A 
040 |a SNK  |b slo  |c SNK  |e AACR2 
041 0 |a slo 
044 |a xo  |c SK 
080 |a 001.81(035)  |2 1981 
100 1 |a Katuščák, Dušan,  |d 1946-  |4 aut  |9 13812 
245 1 0 |a Ako písať vysokoškolské a kvalifikačné práce  |b ako písať seminárne práce, ročníkové práce, práce študentskej vedeckej a odbornej činnosti ...  |c Dušan Katuščák 
260 |a Bratislava  |b STIMUL  |c 1998 
300 |a 117 s.  |b sch., tab.  |c 25 cm 
504 |a Bibliogr. s. 115-117 
650 0 7 |a práce kvalifikačné  |x písanie  |x príručky  |2 SNK  |9 457526 
650 0 7 |a práce diplomové  |x písanie  |x príručky  |2 SNK  |9 387393 
655 7 |a príručky  |2 SNK  |9 74364 
919 |a 80-85697-69-6 
958 |a OND 
958 |a TL 
958 |a NB 
958 |a KL 
999 |c 717770  |d 719700 
952 |a SNK  |b SNK  |y VYP  |7 0  |p 17A0621805  |o snkSC 95701 D4  |i snk2005/18268  |8 1  |0 0  |1 0  |4 0  |d 2005-11-02  |l 0  |r 2026-02-23 21:50:44  |w 2026-02-23 
952 |t P60, <03>, [BOOK], {603}  |a SNK  |b SNK  |y PREZ  |7 0  |p 17A0134424  |o snkSC 95701  |i snkKSP 4209/98  |0 0  |1 0  |4 0  |d 1998-04-20  |f 1  |l 0  |r 2025-09-12 00:00:00  |w 2026-02-23 
952 |t P60, <04>, [BOOK], {604}  |a SNK  |b SNK  |y VYP  |7 0  |p 17A0134425  |o snkSC 95701 D1  |i snkKSP 4210/98  |0 0  |1 0  |4 0  |d 1998-04-20  |l 0  |r 2005-01-02 00:00:00  |w 2026-02-23 
952 |t P60, <04>, [BOOK], {604}  |a SNK  |b SNK  |y VYP  |7 0  |p 17A0365254  |o snkSC 95701 D3  |i snkF 1721/2002  |0 0  |1 0  |4 0  |d 2002-12-04  |l 0  |r 2005-01-02 00:00:00  |w 2026-02-23 
952 |t P60, <04>, [BOOK], {604}  |a SNK  |b SNK  |y VYP  |7 0  |p 17A0390005  |o snkSC 95701 D2  |i snkF 1720/2002  |0 0  |1 0  |4 0  |d 2002-11-22  |l 0  |r 2005-01-02 00:00:00  |w 2026-02-23